<?xml version="1.0" encoding="UTF-8"?>
<collection xmlns="http://www.loc.gov/MARC21/slim">
 <record>
  <leader>01508nam a2200205Ia 4500</leader>
  <controlfield tag="001">CTU_224644</controlfield>
  <controlfield tag="008">210402s9999    xx            000 0 und d</controlfield>
  <datafield tag="020" ind1=" " ind2=" ">
   <subfield code="c">772000</subfield>
  </datafield>
  <datafield tag="082" ind1=" " ind2=" ">
   <subfield code="a">616.9041</subfield>
  </datafield>
  <datafield tag="082" ind1=" " ind2=" ">
   <subfield code="b">B347</subfield>
  </datafield>
  <datafield tag="100" ind1=" " ind2=" ">
   <subfield code="a">Bauman, Robert W.</subfield>
  </datafield>
  <datafield tag="245" ind1=" " ind2="0">
   <subfield code="a">Microbiology with diseases by taxonomy</subfield>
  </datafield>
  <datafield tag="245" ind1=" " ind2="0">
   <subfield code="c">Robert W. Bauman</subfield>
  </datafield>
  <datafield tag="260" ind1=" " ind2=" ">
   <subfield code="a">Harlow, England</subfield>
  </datafield>
  <datafield tag="260" ind1=" " ind2=" ">
   <subfield code="b">Pearson</subfield>
  </datafield>
  <datafield tag="260" ind1=" " ind2=" ">
   <subfield code="c">2017</subfield>
  </datafield>
  <datafield tag="520" ind1=" " ind2=" ">
   <subfield code="a">1. A Brief History of Microbiology2. The Chemistry of Microbiology3. Cell Structure and Function4. Microscopy, Staining, and Classification5. Microbial Metabolism6. Microbial Nutrition and Growth7. Microbial Genetics8. Recombinant DNA Technology9. Controlling Microbial Growth in the Environment10. Controlling Microbial Growth in the Body: Antimicrobial Drugs11. Characterizing and Classifying Prokaryotes12. Characterizing and Classifying Eukaryotes13. Characterizing and Classifying Viruses, Viroids, and Prions14. Infection, Infectious Diseases, and Epidemiology15. Innate Immunity16. Adaptive Immunity17. Immunization and Immune Testing18. Immune Disorders19. Pathogenic Gram-Positive Bacteria20. Pathogenic Gram-Negative Cocci and Bacilli21. Rickettsias, Chlamydias, Spirochetes, and Vibrios22. Pathogenic Fungi23. Parasitic Protozoa, Helminths, and Arthropod Vectors24. Pathogenic DNA Viruses25. Pathogenic RNA Viruses26. Applied and Environmental Microbiology</subfield>
  </datafield>
  <datafield tag="650" ind1=" " ind2=" ">
   <subfield code="a">Microbiology,Vi trùng học</subfield>
  </datafield>
  <datafield tag="904" ind1=" " ind2=" ">
   <subfield code="i">Bằng</subfield>
  </datafield>
  <datafield tag="980" ind1=" " ind2=" ">
   <subfield code="a">Trung tâm Học liệu Trường Đại học Cần Thơ</subfield>
  </datafield>
 </record>
</collection>
